Sports Quiz

Random Sports or Baseball Quiz

Opening Day Lineups: Rockies Quiz Stats

 Plays Quiz Updated May 1, 2018

Challenge
Share
Tweet
Embed
Score 0/234 Timer 16:00
4 Plays Today
Year Player % Correct
1998Todd Helton
95.5%
1999Todd Helton
95.5%
2000Todd Helton
95.5%
2001Todd Helton
95.5%
2002Todd Helton
95.5%
2003Todd Helton
95.5%
2005Todd Helton
95.4%
2006Todd Helton
95.4%
2008Todd Helton
95.4%
2007Todd Helton
95.4%
2004Todd Helton
95.2%
2009Todd Helton
95.1%
2010Todd Helton
94.4%
2011Todd Helton
93.3%
2012Todd Helton
93.3%
2013Todd Helton
93%
2008Troy Tulowitzki
91.2%
2007Troy Tulowitzki
91.2%
2009Troy Tulowitzki
90.6%
2013Troy Tulowitzki
90.5%
2011Troy Tulowitzki
90.5%
2012Troy Tulowitzki
90.5%
2010Troy Tulowitzki
90.3%
2015Troy Tulowitzki
89.4%
1995Larry Walker
88.5%
1996Larry Walker
88.5%
1997Larry Walker
88.5%
1998Larry Walker
88.5%
2000Larry Walker
88.5%
2001Larry Walker
88.5%
2002Larry Walker
88.5%
2003Larry Walker
88.5%
2014Carlos Gonzalez
88.5%
2013Carlos Gonzalez
88.4%
2015Carlos Gonzalez
88.3%
2016Carlos Gonzalez
88.3%
2011Carlos Gonzalez
88.1%
2012Carlos Gonzalez
88.1%
2014Troy Tulowitzki
87.9%
2001Todd Walker
87.6%
2018Carlos Gonzalez
86.9%
2017Carlos Gonzalez
86.8%
2018Nolan Arenado
86.8%
2017Nolan Arenado
84.9%
2016Nolan Arenado
83.7%
2010Carlos Gonzalez
81.7%
2018Charlie Blackmon
81.6%
2006Luis A. Gonzalez
81.5%
2004Luis A. Gonzalez
81.3%
2015Nolan Arenado
79.5%
2017Charlie Blackmon
79.2%
1993Dante Bichette
76.9%
1996Dante Bichette
76.9%
1998Dante Bichette
76.9%
2018Trevor Story
76.9%
1994Dante Bichette
76.9%
1995Dante Bichette
76.9%
1997Dante Bichette
76.9%
1999Dante Bichette
76.9%
2016Charlie Blackmon
76%
1993Andres Galarraga
74.1%
1994Andres Galarraga
74.1%
1995Andres Galarraga
74.1%
1996Andres Galarraga
74.1%
1997Andres Galarraga
74.1%
2017Trevor Story
74%
2014Nolan Arenado
73.4%
2010Ubaldo Jimenez
72.4%
2016Trevor Story
71.7%
2015Charlie Blackmon
71.6%
1997Vinny Castilla
71.3%
1998Vinny Castilla
71.3%
1999Vinny Castilla
71.3%
1995Vinny Castilla
71.3%
1996Vinny Castilla
71.3%
2004Vinny Castilla
70.9%
2011Ubaldo Jimenez
70.4%
2018DJ LeMahieu
69.6%
Year Player % Correct
2007Matt Holliday
69.4%
2006Matt Holliday
69.3%
2008Matt Holliday
69.3%
2005Matt Holliday
69%
2017DJ LeMahieu
67.4%
2014Charlie Blackmon
67.1%
2016DJ LeMahieu
65.4%
2003Charles Johnson
65.2%
1994Howard Johnson
65%
2004Charles Johnson
64.8%
2017Mark Reynolds
64.1%
2009Seth Smith
63.7%
2018Jon Gray
63.4%
2010Seth Smith
62.7%
2011Seth Smith
62.7%
2015DJ LeMahieu
61.1%
1993Eric Young
60.5%
1997Eric Young
60.5%
2018Chris Iannetta
60.2%
2016Mark Reynolds
60%
2011Dexter Fowler
59.2%
2012Dexter Fowler
59.2%
2013Dexter Fowler
59.1%
2017Jon Gray
59%
2014Jorge De La Rosa
59%
2016Jorge De La Rosa
58.9%
2001Mike Hampton
57.8%
2002Mike Hampton
57.8%
2018Ian Desmond
57.3%
2007Brad Hawpe
55.6%
2014DJ LeMahieu
55.5%
2009Brad Hawpe
55.4%
2008Brad Hawpe
55.3%
2006Brad Hawpe
55.3%
2010Brad Hawpe
54.8%
2014Justin Morneau
54.6%
2015Justin Morneau
54.5%
2018Gerardo Parra
54.2%
2009Garrett Atkins
53.5%
2007Garrett Atkins
53.5%
2008Garrett Atkins
53.4%
2006Garrett Atkins
53.3%
2017Gerardo Parra
53.2%
2007Aaron Cook
52.7%
2007Chris Iannetta
52.2%
2004Preston Wilson
52.2%
2003Preston Wilson
52.1%
2009Chris Iannetta
52%
2009Aaron Cook
51.8%
2005Preston Wilson
51.8%
2010Chris Iannetta
50%
2006Clint Barmes
49.2%
2005Clint Barmes
49.1%
2016Gerardo Parra
48.6%
2010Clint Barmes
48.4%
1994Ellis Burks
48.3%
1996Ellis Burks
48.3%
1997Ellis Burks
48.3%
1998Ellis Burks
48.3%
2013Michael Cuddyer
47.5%
2014Michael Cuddyer
46.9%
2016Nick Hundley
46.5%
1994Walt Weiss
46.1%
1995Walt Weiss
46.1%
1996Walt Weiss
46.1%
1997Walt Weiss
46.1%
2012Ramon Hernandez
46.1%
2012Michael Cuddyer
46%
2001Juan Pierre
45.9%
2002Juan Pierre
45.9%
2015Nick Hundley
45.3%
2014Wilin Rosario
45.2%
2013Wilin Rosario
44.9%
2011Chris Iannetta
41.3%
2009Ian Stewart
40.7%
2017Tony Wolters
40.5%
2008Yorvit Torrealba
40.4%
2010Ian Stewart
39.8%
Year Player % Correct
2015Corey Dickerson
39.3%
1998Neifi Perez
38.5%
1999Neifi Perez
38.5%
2000Neifi Perez
38.5%
2001Neifi Perez
38.6%
2003Jose Hernandez
36.4%
2003Jason Jennings
35.3%
2006Jason Jennings
35.2%
2008Willy Taveras
34.7%
2007Willy Taveras
34.6%
1998Darryl Kile (1968-2002)
33.7%
1999Darryl Kile (1968-2002)
33.7%
2011Jose Lopez
32.9%
2013Jhoulys Chacin
32.6%
1993Joe Girardi
32.5%
1994Joe Girardi
32.5%
1995Joe Girardi
32.5%
2007Kazuo Matsui
32%
2015Kyle Kendrick
29.5%
2013Chris Nelson
28.5%
2012Chris Nelson
28.1%
2009Ryan Spilborghs
28%
1993Charlie Hayes
27.7%
1994Charlie Hayes
27.7%
2000Jeff Cirillo
24.8%
2001Jeff Cirillo
24.9%
2005Joe Kennedy (1979-2007)
24.3%
2002Juan Uribe
24.1%
2013Josh Rutledge
24.1%
2012Marco Scutaro
24%
1993David Nied
23.6%
2000Pedro Astacio
23.1%
1998Mike Lansing
22.8%
1999Mike Lansing
22.8%
2000Mike Lansing
22.8%
2004Jeromy Burnitz
22.4%
1998Kirt Manwaring
21.8%
1997Kirt Manwaring
21.8%
1999Kirt Manwaring
21.8%
2004Royce Clayton
21.5%
1999Darryl Hamilton
21.2%
2012Jeremy Guthrie
21.2%
1993Jerald Clark
21.1%
2011Ty Wigginton
20.9%
2002Todd Zeile
20.7%
2001Todd Hollandsworth
20.1%
2002Todd Hollandsworth
20.1%
2005Aaron Miles
19.9%
1999Lenny Harris
19.7%
1993Alex Cole
19.6%
2000Jeffrey Hammonds
18.8%
2003Jay Payton
18.7%
1996Kevin Ritz
18.7%
1997Kevin Ritz
18.7%
2005Jeff Baker
18%
2008Jayson Nix
17.9%
2000Brent Mayne
17.9%
2001Brent Mayne
17.9%
2008Kip Wells
17.9%
2002Jose Ortiz
17.1%
1994Armando Reynoso
17.1%
2000Tom Goodwin
16.5%
1995Bill Swift
16.1%
2003Ron Belliard
16%
2006Cory Sullivan
15.4%
2005J.D. Closser
13.4%
1995Mike Kingery
13.2%
2004Shawn Estes
12.8%
1993Freddie Benavides
12.8%
1994Roberto Mejia
12.5%
1995Roberto Mejia
12.5%
2006Danny Ardoin
12.5%
2003Chris Stynes
12.1%
2005Dustan Mohr
11.7%
1996Jason Bates
11.3%
2002Gary Bennett
10.7%
1996Jorge Brito
10.2%
2004Kit Pellow
10.1%

You're not logged in!

Compare scores with friends on all Sporcle quizzes.
OR
Log In

You Might Also Like...

Show Comments

Extras

Top Quizzes Today


Score Distribution

Your Account Isn't Verified!

In order to create a playlist on Sporcle, you need to verify the email address you used during registration. Go to your Sporcle Settings to finish the process.

Report this User

Report this user for behavior that violates our Community Guidelines.

Details: